Library Banner

Drug mafia = ڈرگ مافیا / (Record no. 138864)

MARC details
000 -LEADER
fixed length control field 00476nam a2200145 4500
005 - DATE AND TIME OF LATEST TRANSACTION
control field 20251013112704.0
008 - FIXED-LENGTH DATA ELEMENTS--GENERAL INFORMATION
fixed length control field 251013b |||||||| |||| 00| 0 eng d
040 ## - CATALOGING SOURCE
Transcribing agency PK-LaUMT
082 ## - DEWEY DECIMAL CLASSIFICATION NUMBER
Classification number 891.4393
Item number TAR-D
100 ## - MAIN ENTRY--PERSONAL NAME
Personal name Tariq Ismael Saghar = طارق اسمٰعیل ساگر
245 ## - TITLE STATEMENT
Title Drug mafia = ڈرگ مافیا /
Statement of responsibility, etc by Tariq Ismael Saghar = طارق اسمٰعیل ساگر
260 ## - PUBLICATION, DISTRIBUTION, ETC. (IMPRINT)
Place of publication, distribution, etc Lahore :
Name of publisher, distributor, etc Saghar Publications,
Date of publication, distribution, etc 2010
300 ## - PHYSICAL DESCRIPTION
Extent 380 p.
942 ## - ADDED ENTRY ELEMENTS (KOHA)
Koha item type Books
Holdings
Withdrawn status Lost status Damaged status Home library Current library Date acquired Full call number Barcode Date last seen Price effective from Koha item type
      UMT Main Campus UMT Main Campus 2025-10-13 891.4393 TAR-D 150882 2025-10-13 2025-10-13 Books